000 00544nam a2200229Ia 4500
003 OSt
005 20221005114103.0
006 a|||||r|||| 00| 0
007 ta
008 221004b |||||||| |||| 00| 0 kan d
024 _a62662
037 _cTextual
040 _aCRL
_cCRL
_bkan
041 _2kan
_akan
082 _az, 33K0
100 _aBhardwaj D K Tr.
_9625430
245 0 _aAnaskti yoga
260 _c1960
650 _aGENERALIA
942 _hz, 33K0
_cTEXL
_2cc
999 _c1030205
_d1030205